000 00248 a2200073 4500
245 0 _aLexikon der Mikroelektronik :
_bMikroelektronik und Mikrocomputer-Technik /
_c.
710 2 _aIWT Verlag.
_eWydawca
_4pbl
260 _aMuenchen :
_bIWT Verlag,
_c1978.
300 _a789 s.;
_c24 cm.
999 _c9648
_d9648